| 000 | 00394nam a2200157Ia 4500 | ||
|---|---|---|---|
| 008 | 230524s9999 xx 000 0 und d | ||
| 082 |
_a4.133 _bSEN |
||
| 100 |
_aEnic Pansole _911152 |
||
| 245 | 0 | _aLearning For Earning | |
| 250 | _a2ND | ||
| 260 |
_aNEW DELHI _bUniversity Press _c1989 |
||
| 300 | _aXVII;853 | ||
| 500 | _aQuantity Number: 1 | ||
| 650 |
_aMiscellaneous _91877 |
||
| 942 | _cBK | ||
| 999 |
_c15226 _d15226 |
||